Návrh na zlepšenie tvorby osobnej kariéry zamestnancov v podmienkach podniku ON Semiconductor Slovakia, a.s. Piešťany : Diplomová práca

Saved in:
Bibliographic Details
Main Author: Hricišáková, Natália (Author)
Other Authors: Hrablik, Martin (xxx)
Format: Manuscript Book
Language:Slovak
Published: Trnava : STU v Bratislave MTF UPMK, 2008
Subjects:
Tags: Add Tag
No Tags, Be the first to tag this record!

MARC

LEADER 00000ntm a22000003a 4500
001 stu158181
005 20160719155848.7
008 080218s2008----xo------------------slo-d
040 |a STU  |b slo 
041 0 |a slo 
044 |a xo 
100 1 |a Hricišáková, Natália  |4 aut 
245 1 |a Návrh na zlepšenie tvorby osobnej kariéry zamestnancov v podmienkach podniku ON Semiconductor Slovakia, a.s. Piešťany :  |b Diplomová práca 
260 |a Trnava :  |b STU v Bratislave MTF UPMK,  |c 2008 
300 |a 71 s  |c príl (1 CD-ROM) 
500 |a Program: priemyselné manažérstvo 
650 7 |a ľudské zdroje  |2 stusub 
650 7 |a personálny manažment  |2 stusub 
650 7 |a osobná kariéra  |2 stusub 
700 1 |a Hrablik, Martin  |4 xxx 
996 |b 284M067307  |c M*DP-7030  |l MMSKP  |s P  |a 0  |w stu158181_0001